Fit für fit in deutsch 1 und 2 (Record no. 61343)

MARC details
000 -LÍDER
campo de controle de tamanho fixo 00426 a2200157 4500
001 - NÚMERO DE CONTROLE
campo de controle 61343
020 ## - ISBN - INTERNATIONAL STANDARD BOOK NUMBER
ISBN - International Standard Book Number 9783190018703
040 ## - FONTE DA CATALOGAÇÃO
Instituição que transcreveu o registro Anchieta - Pituba
100 ## - ENTRADA PRINCIPAL--NOME PESSOAL
Nome pessoal Neuner, Gerhard
240 10 - TÍTULO UNIFORME
Título uniforme Fit für fit in deutsch 1 und 2
Idioma da obra por
245 10 - TÍTULO
Título Fit für fit in deutsch 1 und 2
300 ## - DESCRIÇÃO FÍSICA
Extensão 142
362 0# - DATAS DE PUBLICAÇÃO E/OU DESIGNAÇÃO SEQUENCIAL
Datas de publicação e/ou designação sequencial 2007
650 #4 - ASSUNTO--TERMO TÓPICO
Cabeçalho tópico ou nome geográfico Uso padrão da língua alemã (prescptiva linguística - proficiência alemã)
942 ## - ELEMENTOS DE ENTRADA ADICIONADOS (KOHA)
Tipo de material Koha Livros
Holdings
Situação do descarte Situação das perdas Situação física Não pode ser emprestado Biblioteca de origem Biblioteca atual Data de aquisição Total de empréstimos Número de chamada completo Código de barras Data de último acesso Data do preço efetivo Tipo de material Koha
        Colégio Anchieta - Pituba Colégio Anchieta - Pituba 21/11/2023   438 N494f NEU FIT 13348/PIT 21/11/2023 21/11/2023 Livros